|
|
|
|
| LEADER |
00000nam0a2200000 4500 |
| 001 |
311659 |
| 005 |
20231102002416.0 |
| 020 |
|
|
|a RU
|b 82-32802
|
| 035 |
|
|
|a (RuTPU)RU\TPU\book\337024
|
| 090 |
|
|
|a 311659
|
| 100 |
|
|
|a 20151210d1982 km y0rusy5003 ca
|
| 101 |
0 |
|
|a rus
|
| 102 |
|
|
|a RU
|
| 105 |
|
|
|a a z 001zy
|
| 200 |
1 |
|
|a Квартирное отопление
|f И. Ф. Ливчак
|
| 205 |
|
|
|a 2-е изд., перераб. и доп.
|
| 210 |
|
|
|a Москва
|c Стройиздат
|d 1982
|
| 215 |
|
|
|a 240 с.
|c ил.
|
| 225 |
1 |
|
|a Экономия топлива и электроэнергии
|
| 320 |
|
|
|a Библиогр.: с. 238-239
|
| 606 |
1 |
|
|a Жилые здания
|x Отопление центральное
|2 stltpush
|3 (RuTPU)RU\TPU\subj\11024
|9 38011
|
| 610 |
1 |
|
|a жилые здания малоэтажные
|
| 610 |
1 |
|
|a воздушное отопление
|
| 610 |
1 |
|
|a лучистое отопление
|
| 610 |
1 |
|
|a солнечное отопление
|
| 610 |
1 |
|
|a геотермальное теплоснабжение
|
| 610 |
1 |
|
|a расчеты
|
| 610 |
1 |
|
|a горячее водоснабжение
|
| 610 |
1 |
|
|a совмещение
|
| 610 |
1 |
|
|a топливо
|
| 610 |
1 |
|
|a генераторы тепла
|
| 610 |
1 |
|
|a экономия
|
| 675 |
|
|
|a 697.4
|z rus
|v 3
|
| 700 |
|
1 |
|a Ливчак
|b И. Ф.
|g Иосиф Федорович
|4 070
|
| 801 |
|
0 |
|a RU
|b RuMRKP
|c 19950704
|g psbo
|
| 801 |
|
1 |
|a RU
|b 63413507
|c 20151210
|
| 801 |
|
2 |
|a RU
|b 63413507
|c 20191107
|g RCR
|
| 942 |
|
|
|c BK
|